COMMUN ENGLISH SLANGS - Statistiques

Statistiques générales
  • Ce quiz a été pris 31 fois
  • Le résultat moyen est 3 sur 30
Statistiques - réponses
Français Anglais % Correct
Frère Bro
100%
Mec Dude
62%
Peut-être Maybe
14%
Ambiance Vibe
14%
Génial Dope
10%
Traîner Hang out
10%
Intello Nerd
10%
Bide Flop
7%
Engouement Hype
7%
Pagaille Mess
7%
Vantardise Flex
3%
Un peu Kinda
3%
Humeur Mood
3%
Alcool Booze
0%
Se vanter Brag
0%
Coupable Culprit
0%
Imbécile Dummy
0%
Paniquer Freak out
0%
Vieux bonhomme Geezer
0%
Détourner Hijack
0%
Discret Low-key
0%
Arnaquer Rip off
0%
Énervé Salty
0%
Foirer Screw up
0%
Racaille Scum
0%
Louche Shady
0%
Arracher Snatch
0%
En quelque sorte Sort of
0%
Bien sûr Sure
0%
Excentrique Weirdo
0%
Aucun quiz correspondant
Distribution des résultats
% des personnes avec chaque résultat
Percentile par nombre de réponses
Votre historique - résultats
Vous n’avez pas pris ce quiz